LIBRARY & INFORMATION CENTRE, KCAET, TAVANUR

ONLINE PUBLIC ACCESS CATALOGUE (OPAC)

Pre Degree Physics / (Record no. 146)

MARC details
000 -LEADER
fixed length control field 00523cam a2200217ua 4500
041 ## - LANGUAGE CODE
Language code of text/sound track or separate title eng
082 ## - DEWEY DECIMAL CLASSIFICATION NUMBER
Classification number 530
Item number KUN/PR
100 ## - MAIN ENTRY--AUTHOR NAME
Personal name Kunkan Nair, P G .
245 ## - TITLE STATEMENT
Title Pre Degree Physics /
250 ## - EDITION STATEMENT
Edition statement 1 /
260 ## - PUBLICATION, DISTRIBUTION, ETC. (IMPRINT)
Place of publication Chennai :
Name of publisher The National Publishing Co ,
Year of publication 1965.
300 ## - PHYSICAL DESCRIPTION
Number of Pages 604 ; .
650 ## - SUBJECT ADDED ENTRY--TOPICAL TERM
Topical Term Physics
700 1# - ADDED ENTRY--PERSONAL NAME
Personal name Seetharaman, K S .
942 ## - ADDED ENTRY ELEMENTS (KOHA)
Koha item type Books
Holdings
Withdrawn status Lost status Damaged status Home library Current library Date acquired Full call number Accession Number Koha item type Public note
Withdrawn     KAUAET KAUAET 07/04/2012 530 7686 Books  
Withdrawn     KAUAET Sanskrit University 07/04/2012 530 7684 Books Transferred to Sanskrit University
free website counter